| 000 | 00843nam a2200241Ia 4500 | ||
|---|---|---|---|
| 005 | 20221124111758.0 | ||
| 008 | 140110s9999 xx 000 0 und d | ||
| 020 |
_a9788173048258 _cRs 1375.00 |
||
| 040 | _aLoreto College | ||
| 041 | _aEnglish | ||
| 082 |
_a954.14 _bBAG |
||
| 245 |
_aEastern India in the late nineteenth century _bPartI : 1860s-1870s _cEdited by Amiya Kumar Bagchi and Arun Bandopadhyay. Foreword By Sabyasachi Bhattacharya |
||
| 260 |
_aNew Delhi _bManohar Publishers & Distributors _c2009 |
||
| 300 | _a462p | ||
| 440 | _aDocuments on Economic History of British Rule in India, 1858-1947 | ||
| 504 | _aIncludes index | ||
| 630 | _aEconomic History of India | ||
| 650 | _aEastern India-History | ||
| 651 | _aHistory-India-Nineteenth Century | ||
| 700 | _aBagchi,Amiya Kumar,ed. | ||
| 850 | _aLCLIB | ||
| 942 | _cBK | ||
| 999 |
_c36719 _d87198 |
||